| 000 | 00747nam a2200229Ia 4500 | ||
|---|---|---|---|
| 001 | 17922 | ||
| 003 | GE_BSU | ||
| 008 | 181216s||||||||xx |||||||||||||| ||und|| | ||
| 040 | _cGE_BSU | ||
| 080 | _a821.353.1-32 | ||
| 100 | _aლორთქიფანიძე, კ. | ||
| 245 | _aრჩეული ნაწერები : 2 ტომად. ტ. 2. | ||
| 245 | _bმოთხრობები | ||
| 245 | _cრედ.შ.სულაბერიძე. მხ. ი.გურო | ||
| 260 | _aთბილისი | ||
| 260 | _bსახელგამი | ||
| 260 | _c1956 | ||
| 300 | _a344 გვ. 20 სმ. | ||
| 653 | _aმოთხრობები | ||
| 653 | _aრჩეული ნაწერები | ||
| 942 | _cBK | ||
| 999 |
_c50965 _d50965 |
||